00265nam a2200109Ia 4500008004100000082001700041100001300058245003100071260003600102300000900138650000800147191201s2013 xx 000 0 und d a658.083bJAB aJAIN,T R 0aBusiness Statistics BBA II aN. delhibV K Enterprisesc2013 aMISC aBBA